000 00577nam a2200193 a 4500
001 2478
003 CO-ViMGA
008 141112s2004 ck r 000 u spa d
020 _a8477740410
040 _aCO-ViMGA
_bspa
_cCO-ViMGA
082 0 4 _a370.7122 P783v
110 _aEquipo de asesoramiento psicopedagogico de Terrassa
_951407
245 1 0 _aPruebas pedagógicas graduadas para preescolar y ciclo inicial
260 _aMadrid :
_bVisor,
_c1989
300 _a113 p
490 _aAprendizaje visor
650 1 4 _aeducación PREESCOLAR - EVALUACION
_951408
942 _2ddc
_cBK
999 _c14557
_d14557